ბათუმის შოთა რუსთაველის სახელმწიფო უნივერსიტეტის ბიბლიოთეკა

GroBes Ubungsbuch Deutsch : (ბიბ.ჩანაწერი № 50576)

000 -LEADER
fixed length control field 00666nam a2200229Ia 4500
001 - CONTROL NUMBER
control field 17526
003 - CONTROL NUMBER IDENTIFIER
control field GE_BSU
005 - DATE AND TIME OF LATEST TRANSACTION
control field 20200213161852.0
008 - FIXED-LENGTH DATA ELEMENTS--GENERAL INFORMATION
fixed length control field 181216s2009ge xx |||||||||||||| ||ger||
020 ## - INTERNATIONAL STANDARD BOOK NUMBER
International Standard Book Number 9783191017217
040 ## - CATALOGING SOURCE
Transcribing agency GE_BSU
041 ## - LANGUAGE CODE
Language code of text/sound track or separate title ger
080 ## - UNIVERSAL DECIMAL CLASSIFICATION NUMBER
Universal Decimal Classification number 811.112(075.8)D-59
100 ## - MAIN ENTRY--PERSONAL NAME
Personal name Dinsel Sabine.
9 (RLIN) 7077
245 ## - TITLE STATEMENT
Title GroBes Ubungsbuch Deutsch :
Remainder of title Grammatik /
Statement of responsibility, etc. Sabine Dinsel ; Susanne Geiger.
264 ## - PRODUCTION, PUBLICATION, DISTRIBUTION, MANUFACTURE, AND COPYRIGHT NOTICE
Place of production, publication, distribution, manufacture Germany :
Name of producer, publisher, distributor, manufacturer Hueber,
Date of production, publication, distribution, manufacture, or copyright notice 2009.
300 ## - PHYSICAL DESCRIPTION
Extent 296 p;
Other physical details ill .;
Dimensions 23 cm.
653 ## - INDEX TERM--UNCONTROLLED
keyword Grammatik
653 ## - INDEX TERM--UNCONTROLLED
keyword გერმანული ენა (გრამატიკა)
700 ## - ADDED ENTRY--PERSONAL NAME
Personal name Geiger, Susanne
9 (RLIN) 7078
942 ## - ADDED ENTRY ELEMENTS (KOHA)
Koha item type წიგნი
Source of classification or shelving scheme
ეგზემპლარები
Withdrawn status Lost status Source of classification or shelving scheme Damaged status Not for loan Permanent Location Current Location Shelving location Date acquired Cost, normal purchase price Full call number Barcode Date last seen Copy number Price effective from Koha item type Public note
          ბათუმის შოთა რუსთაველის სახელმწიფო უნივერსიტეტის მთავარი ბიბლიოთეკა ბათუმის შოთა რუსთაველის სახელმწიფო უნივერსიტეტის მთავარი ბიბლიოთეკა წიგნსაცავი 2018-12-17 107.00 811.112(075.8) D-59 45588 2018-12-17 45588 2018-12-17 წიგნი 107gel.